00676nam a2200229Ia 4500003000900000008004100009040001300050040001300063041000800076100001600084245005000100250001300150260001200163260000900175300001100184300001000195490000600205600001300211942000700224999001700231952019800248IT-RoPAU120407s9999 xx 000 0 und d aIT-RoPAU cIT-RoPAU aita aGuido Rossi aVita di Antonio Rosmini . (La) Secondo volume aRovereto aManrini c1959 a784 p. c24 cm v1 aBrossura cBK c36754d36754 00102ddc406922_10000000000000071aPAULUSbPAULUSd2012-04-11l0o922.1r2012-04-11 00:00:00w2012-04-11yBKzInserito da: Mario In data: 02 settembre 2011 fondo: Via A.Severo 56 Progr:36966